000 00232nam a2200109Ia 4500
008 230320s9999||||xx |||||||||||||| ||spa||
082 _a194/R27
100 _aRavaisson
245 0 _aEl Hábito
260 _bAguilar
942 _80
_cLIB
999 _c26424
_d26424